|
|
|
|
| LEADER |
00000cam a2200000 a 4500 |
| 001 |
vtls001484470 |
| 003 |
SK-MaSNL |
| 005 |
20260301230909.0 |
| 008 |
240313s2002 hu l g 00100bhun |
| 020 |
|
|
|a 9632004469
|q (brož.)
|c 180.00 Sk
|
| 035 |
|
|
|a SNK000439764
|
| 040 |
|
|
|a SNK
|b slo
|c SNK
|e AACR2
|
| 041 |
0 |
|
|a hun
|b ger
|
| 043 |
|
|
|a e-hu---
|a e-au---
|
| 044 |
|
|
|a hu
|c HU
|
| 072 |
|
7 |
|a 027
|x Univerzálne knižnice. Verejné knižnice
|2 konspekt
|
| 072 |
|
7 |
|a 929
|x Biografie
|2 konspekt
|
| 080 |
|
|
|a 027.1
|2 2001
|
| 080 |
|
|
|a 09
|2 2001
|
| 080 |
|
|
|a 82-96
|2 2001
|
| 080 |
|
|
|a 165.742-051
|2 2001
|
| 080 |
|
|
|a 929.7
|2 2001
|
| 080 |
|
|
|a 025
|2 2001
|
| 080 |
|
|
|a (436.3)
|2 2001
|
| 080 |
|
|
|a (439)
|2 2001
|
| 080 |
|
|
|a (048.8)
|2 2001
|
| 100 |
1 |
|
|a Koltai, András
|4 aut
|9 443559
|
| 245 |
1 |
0 |
|a Batthyány Ádám és könyvtára
|c Koltai András
|
| 260 |
|
|
|a Budapest
|a Szeged
|b Országos Széchényi Könyvtár
|b Scriptum
|c 2002
|
| 300 |
|
|
|a vi, 376 s.
|b tab.
|c 24 cm
|
| 490 |
1 |
|
|a Kárpát-medence kora újkori könyvtárai
|x 1416-1044
|v 4
|
| 504 |
|
|
|a Bibliogr.
|
| 546 |
|
|
|a Res. nem.
|
| 600 |
1 |
7 |
|a Batthyány, Ádám,
|d 1610-1659
|2 SNKMA
|9 622334
|
| 650 |
0 |
7 |
|a humanisti
|2 SNKPH
|9 93138
|
| 650 |
0 |
7 |
|a šľachtici
|2 SNKPH
|9 30577
|
| 650 |
0 |
7 |
|a súkromné knižnice
|2 SNKPH
|9 81622
|
| 650 |
0 |
7 |
|a vzácne knihy
|2 SNKPH
|9 66779
|
| 650 |
0 |
7 |
|a knižničné fondy
|2 SNKPH
|9 1300
|
| 651 |
|
7 |
|a Güssing (Rakúsko)
|2 SNKPH
|9 73783
|
| 651 |
|
7 |
|a Maďarsko
|2 SNKPHgeo
|9 16754
|
| 651 |
|
7 |
|a Rakúsko
|2 SNKPHgeo
|9 18533
|
| 655 |
|
7 |
|a monografie
|2 SNKPH
|9 70139
|
| 830 |
|
0 |
|a A Kárpát-medence kora újkori könyvtárai
|9 467324
|
| 919 |
|
|
|a 963-200-446-9
|
| 999 |
|
|
|c 956439
|d 958369
|
| 952 |
|
|
|t P60, <04>, [BOOK], {604}, -A-
|a SNK
|b SNK
|y VYP
|7 0
|p 17A0457410
|o snkIC 131972
|i snk2005/2080
|8 2
|g 8.86
|0 0
|1 0
|4 0
|d 2004-10-29
|l 0
|r 2005-01-02 00:00:00
|w 2026-02-24
|